| 000 | 00955nam a2200289Ia 4500 | ||
|---|---|---|---|
| 005 | 20220317001338.0 | ||
| 008 | 161108s2005 sp a g 000 0 spa | ||
| 020 | _a9788488342850 | ||
| 020 | _a8488342853 | ||
| 100 | 1 |
_aOmmen, Sylvia Van _d1978- |
|
| 245 | 1 | 0 |
_aRegaliz _cSylvia Van Ommen ; traducción Esther Rubio |
| 250 | _aPrimera edición | ||
| 264 | 1 |
_aBarcelona _bKókinos _c2005 |
|
| 300 |
_a[46] páginas _bilustraciones en blanco y negro _c18 cm. |
||
| 336 |
_atexto _btxt _2rdacontent |
||
| 337 |
_asin mediación _bn _2rdamedia |
||
| 338 |
_avolumen _bnc _2rdacarrier |
||
| 534 | _tDrop | ||
| 650 | 1 | 4 |
_2LEMB _aÁlbumes infantiles holandeses _ySiglo XX |
| 650 | 1 | 4 |
_2LEMB _aLiteratura infantil holandesa _ySiglo XX |
| 650 | 1 | 4 |
_2LEMB _aCielo _vÁlbum infantil |
| 650 | 1 | 4 |
_2LEMB _aMuerte _vÁlbum infantil |
| 700 | 1 |
_aRubio, Esther _etraductora _918702 |
|
| 942 |
_2loc _cBKINF |
||
| 040 |
_aCO-BoRNBP _bspa _erda _cCO-BoRNBP |
||
| 084 | _aA OMM1 | ||
| 999 |
_c6683 _d6683 |
||